000 00357 a2200157 4500
001 73074
020 _a8585003790
040 _cAnchieta - Colégio São Paulo
100 _aGarcia, Lelonias F.
240 1 0 _aEstudos da história
_lpor
245 1 0 _aEstudos da história
300 _a143
362 0 _a1990
650 4 _aHistória do mundo
942 _cBK
999 _c73074
_d73074